Tainy Charting Songs (Billboard Hot 100) - Statistics

General Stats
  • This quiz has been taken 54 times
    40 since last reset
  • The average score is 4 of 7
Answer Stats
Album Weeks On Peak Artist(s) Song % Correct
DATA 3 Weeks #57 Tainy & Bad Bunny MOJABI GHOST
83%
DATA 4 Weeks #51 Tainy, Julieta Venegas & Bad Bunny Lo Siento BB
69%
Non-Album Single 2 Weeks #86 Tainy, Anuel AA & Ozuna Adicto
59%
Non-Album Single 20 Weeks #52 Bad Bunny & Tainy Callaita
59%
José and Future Nostalgia: The Moonlight Edition 14 Weeks #63 J Balvin, Dua Lipa, Bad Bunny & Tainy UN DIA (ONE DAY)
52%
Non-Album Single 8 Weeks #48 Tainy & Shawn Mendes Summer of Love
31%
Non-Album Single 5 Weeks #66 benny blanco, Tainy, Selena Gomez & J Balvin I Can't Get Enough
28%
No matching quizzes found
Score Distribution
Percent of People with Each Score
Percentile by Number Answered
Your Score History
You have not taken this quiz since the last reset